Disposal of solid waters and residual matter
Tallennettuna:
| Aineistotyyppi: | Kirja |
|---|---|
| Kieli: | Undetermined |
| Julkaistu: |
[ United States ]
[ 2000 ]
|
| Aiheet: | |
| Tagit: |
Lisää tagi
Ei tageja, Lisää ensimmäinen tagi!
|
| Thư viện lưu trữ: | Trung tâm Học liệu Trường Đại học Cần Thơ |
|---|
| LEADER | 00507nam a2200145Ia 4500 | ||
|---|---|---|---|
| 001 | CTU_156446 | ||
| 008 | 210402s9999 xx 000 0 und d | ||
| 082 | |a 363.728 | ||
| 082 | |b D611/Chap.11 | ||
| 245 | 0 | |a Disposal of solid waters and residual matter | |
| 260 | |a [ United States ] | ||
| 260 | |c [ 2000 ] | ||
| 650 | |a Environment management,Environmental pollution,Quản lý môi trường,Ô nhiễm môi trường | ||
| 904 | |i QHieu | ||
| 980 | |a Trung tâm Học liệu Trường Đại học Cần Thơ | ||